| 000 | 04251nam a2200277 4500 | ||
|---|---|---|---|
| 003 | NALT | ||
| 005 | 20250911110256.0 | ||
| 008 | 250901b th ||||| |||| 00| 0 tha d | ||
| 020 | _a9786162837531 | ||
| 040 | _aNALT | ||
| 090 |
_aAZ 370.T55 _bว153ห 2568 |
||
| 110 | 2 |
_aกระทรวงวัฒนธรรม. _bกรมศิลปากร. _bสำนักหอสมุดแห่งชาติ _964519 |
|
| 245 | 1 | 0 |
_aหกรอบนักษัตรใต้ร่มฉัตรพระภูมินทร์ : _bประมวลข่าวจากหนังสือพิมพ์ พุทธศักราช 2495-2567 / _cสำนักหอสมุดแห่งชาติ กรมศิลปากร กระทรวงวัฒนธรรม. |
| 250 | _aพิมพ์ครั้งที่ 1. | ||
| 260 |
_aกรุงเทพฯ : _bสำนักหอสมุดแห่งชาติ กรมศิลปากร กระทรวงวัฒนธรรม, _c2568. |
||
| 300 |
_a500 หน้า : _bภาพประกอบ ; _c36 ซม. + _eซีดีรอม 1 แผ่น |
||
| 505 | 2 | _aตราสัญลักษณ์งานเฉลิมพระเกียรติพระบาทสมเด็จพระเจ้าอยู่หัว เนื่องในโอกาสพระราชพิธีมหามงคลเฉลิมพระชนมพรรษา 6 รอบ 28 กรกฎาคม 2567 -- คำปรารภ -- คำนำ -- คำชี้แจง -- สารบัญ -- ภาคที่ 1 พระราประวัติและพระราชกรณียกิจ -- พระราชประวัติ - พระบาทสมเด็จพระปรเมนทรรามาธิบดีศรีสินทรมหาวชิราลงกรณ พระวชิรเกล้าเจ้าอยู่หัว -- ภาคที่ 2 ประมวลภาพและข่าวจากหนังสือพิมพ์ -- ประมวลภาพและข่าวจากหนังสือพิมพ์รอบนักษัตรที่ 1 พุทธศักราช 2495 - 2506 -- ประมวลภาพและข่าวจากหนังสือพิมพ์รอบนักษัตรที่ 2 พุทธศักราช 2507 - 2518 -- ประมวลภาพและข่าวจากหนังสือพิมพ์รอบนักษัตรที่ 3 พุทธศักราช 2519 - 2530 -- ประมวลภาพและข่าวจากหนังสือพิมพ์รอบนักษัตรที่ 4 พุทธศักราช 2531 - 2542 -- ประมวลภาพและข่าวจากหนังสือพิมพ์รอบนักษัตรที่ 5 พุทธศักราช 2543 - 2554 -- ประมวลภาพและข่าวจากหนังสือพิมพ์รอบนักษัตรที่ 6 พุทธศักราช 2555 - 2567 -- รายชื่อหนังสือพิมพ์ที่ใช้ในการจัดทำหนังสือ หกรอบนักษัตรใต้ร่มฉัตรพระภูมินทร์: ประมวลข่าวจากหนังสือพิมพ์ พุทธศักราช 2495 - 2567 -- ภาคผนวก. | |
| 600 | 0 | 4 |
_aวชิรเกล้าเจ้าอยู่หัว, _cพระบาทสมเด็จพระ, _d2495- _943092 |
| 600 | 0 | 4 |
_aมหาวชิราลงกรณ บดินทรเทพยวรางกูร, _cสมเด็จพระเจ้าอยู่หัว, _d2495- _915878 |
| 651 | 4 |
_aไทย _xกษัตริย์และผู้ครองนคร _965710 |
|
| 942 |
_2local _cREF |
||
| 996 |
_ajidapa.t _bACQSTF _c2025-09-01 |
||
| 996 |
_avaree.k _bLIBSTF _c2025-09-02 |
||
| 996 |
_asaiphon.d _bCATSTF _c2025-09-03 |
||
| 999 |
_c107163 _d107163 |
||
| 998 |
_j104 _k นางสาวสายฝน ดีงาม |
||